| 000 | 01707nam a2200469 i 4500 | ||
|---|---|---|---|
| 001 | 26842 | ||
| 003 | KOSZ 005 | ||
| 005 | 20200514130132.0 | ||
| 008 | 981002s1975 pl f |000 0 pol d | ||
| 015 | _aUWD 1976/1047 | ||
| 035 | _a991006167289705066 | ||
| 035 | _a(PL-WaBN)b11607282-48omnis_nlop | ||
| 035 | _ab11607282 | ||
| 035 | _a(OCoLC)749164381 | ||
| 035 | _a(PL)b0000001160728 | ||
| 035 | _a(EXLNZ-48OMNIS_NETWORK)9910425634805606 | ||
| 040 |
_aWA N _cWA N _dKOSZ 005/EG |
||
| 041 | 1 |
_apol _hswe |
|
| 080 | _a29 | ||
| 100 | 1 |
_aRinggren, Helmer _eAutor |
|
| 245 | 1 | 0 |
_aReligie w przeszłości i w dobie współczesnej / _cHelmer Ringgren, Åke V. Ström ; przeł. ze szw. Bogdan Kupis ; [wstęp Józef Keller]. |
| 246 | 1 |
_iTyt. oryg.: _aReligionerna i historia och nutid |
|
| 260 |
_aWarszawa : _b"Książka i Wiedza", _c1975. |
||
| 300 |
_a617, [3] s. ; _c20 cm. |
||
| 336 |
_aTekst _btxt _2rdacontent |
||
| 337 |
_aBez urządzenia pośredniczącego _bn _2rdamedia |
||
| 338 |
_aWolumin _bnc _2rdacarrier |
||
| 380 | _aKsiążki | ||
| 388 | _a1901-2000 | ||
| 388 | _a1945-1989 | ||
| 500 | _aTyt. oryg.: "Religionerna i historia och nutid". | ||
| 504 | _aBibliogr. przy rozdz. | ||
| 650 | 7 |
_aFilozofia religii _2DBN |
|
| 658 | _aReligia i duchowość | ||
| 700 | 1 |
_aKeller, Józef _d(1911-2002) _ePrzedmowa |
|
| 700 | 1 |
_aKupis, Bogdan _eTłumaczenie |
|
| 700 | 1 |
_aStröm, ̇Åke V. _eAutor |
|
| 710 | 2 |
_aSpółdzielnia Wydawniczo-Handlowa "Książka i Wiedza" _4pbl |
|
| 856 |
_uhttp://koha.tu.koszalin.pl/cgi-bin/koha/opac-detail.pl?biblionumber=26842 _yKatalog online BPK |
||
| 942 |
_2UKD _cKS |
||
| 999 |
_c26842 _d26842 |
||